000 00421nam a2200157 4500
001 131157
003 ES-MaACL
005 20230906193927.0
007 t|
008 070214s1931 fr r ||||1| fre d
100 1 _aRodes, Jean.
_998128
245 1 3 _aLa Chine nationaliste
_b: 1912-1930 /
_cJean Rodes.
260 _aParis :
_bEvreux Ch. Herissey,
_c1931.
300 _a194 p. ;
_c19 cm.
852 _aES-MaACL
_jB-12595
999 _c131157
_d131157